000 nam a22 7a 4500
999 _c9395
_d9395
008 180129b ||||| |||| 00| 0 eng d
100 _aChadha R
_95623
245 _aScience and Technology - X
260 _aDelhi
_bLeela Publication
_c2005